000 00726nam a2200265Ia 4500
003 OSt
005 20220926024709.0
006 a|||||r|||| 00| 0
007 ta
008 220923b |||||||| |||| 00| 0 eng d
020 _a01908277016
037 _cGeneral Book
040 _aRTL
_cRTL
_beng
041 _2eng
_aeng
082 _aX:3M24, M9
100 _aEstrin Saul
_9250347
245 0 _aMarket socialism
260 _aOxford
_bClarenden Press
_c1989
300 _aix, 221p
_ccm.
500 _aBibliography: P 213-215
650 _aSocialism
_936676
700 _a Legrand Julian Ed
_9331360
942 _hX:3M24, M9
_cGB
_2CC
999 _c645284
_d645284